000 00896cam a2200229 4500
001 WB3542-20
008 000000n1999 000 0 eng u
035 _a(Sirsi) u101058
245 _aCredit licence threat from OFT
260 _c1999
490 _aEstate Agent
_vOctober/November 1999, 6(1)
520 _aThe Director General of Fair Trading has warned that estate agents who engage in bad practice could be banned or lose their credit licences. The OFT has produced a guide for agents, "The estate agency guide: what you need to know if you are engaged in estate agency work", available free on 0870 606 0321.
590 _aWB
600 _aRESIDENTIAL AGENTS
650 _aESTATE AGENTS
650 _aMALPRACTICE
650 _aOFT
650 _aHOUSEBUYING
650 _aUNDESIRABLE PRACTICES
690 _aMANAGEMENT-BUSINESS MANAGEMENT-PROFESSIONAL PRACTICE
942 _n0
999 _c60298
_d60298